|
|
|
|
| LEADER |
00000nab a2200000 ar4500 |
| 001 |
vtls010121459 |
| 003 |
SK-MaSNL |
| 005 |
20260318114620.0 |
| 008 |
100806c20100616xo |||||||| 000 b|hun |
| 015 |
|
|
|a SNBRB2010/06
|2 snkbucl
|
| 038 |
|
|
|a SNKBUCL
|
| 040 |
|
|
|a DSZK
|b slo
|c DSZK
|e AACR2
|
| 041 |
0 |
|
|a hun
|
| 044 |
|
|
|a xo
|c SK
|
| 080 |
|
|
|a 72.071
|2 2001
|
| 080 |
|
|
|a 929 Ravasz, Marián
|2 2001
|
| 100 |
1 |
|
|a Lőrincz, Adrián,
|d 1972-
|4 ivr
|4 aut
|9 330033
|
| 245 |
1 |
0 |
|a Környezetbarát épületekre van szükség
|b a monstrumok ideje lejárt, ma már az energiatakarékosságot kell szem előtt tartani - vallja Ravasz Marián
|c Lőrincz Adrián
|
| 300 |
|
|
|b Fotogr.
|
| 600 |
1 |
7 |
|a Ravasz, Marián,
|d 1963-
|2 snkbucl
|9 11832
|
| 650 |
0 |
7 |
|a architekti
|2 SNKPH
|9 2959
|
| 650 |
0 |
7 |
|a architektúra
|2 SNKPH
|9 722
|
| 651 |
|
7 |
|a Dunajská Streda (Slovensko)
|2 SNKPHgeo
|9 17375
|
| 773 |
0 |
|
|t Új szó
|g Évf. 63, sz. 137 (16.6.2010), o. 14
|x 1335-7050
|
| 773 |
0 |
8 |
|i Mell.:
|t Szülőföldünk
|g Évf. 7, sz. 23 (2010)
|
| 852 |
|
|
|a SNK
|b KIS3GCP
|
| 852 |
|
|
|a DSZK
|b KIS3GCP
|
| 958 |
|
|
|a HU
|
| 958 |
|
|
|a SK
|
| 999 |
|
|
|c 3278039
|d 3279969
|